| 000 | 00631nam a2200181Ia 4500 | ||
|---|---|---|---|
| 003 | GCL | ||
| 008 | 140319s9999 xx 000 0 ara d | ||
| 040 |
_aGCL / _cGCL |
||
| 082 | 0 | 4 |
_a027 _bغ م |
| 100 | 1 | _aغادة عبدالمنعم | |
| 245 | 1 | 0 |
_aمرافق المعلومات ماهيتها، ادارتها، خدماتها / _cغادة عبدالمنعم |
| 250 | _aالاولى | ||
| 260 |
_aالقاهرة : _bدار الثقافة العلمية ، _c2000 |
||
| 300 |
_a258 ص ؛ _c24 سم |
||
| 650 | 0 | 4 | _aالمكتبات العامة - مصر |
| 650 | 0 | 4 | _aالمكتبات المتخصصة - مصر |
| 942 |
_2ddc _cBK |
||
| 999 |
_c932 _d932 |
||